| 000 | 00858nam a2200253Ia 4500 | ||
|---|---|---|---|
| 003 | OSt | ||
| 005 | 20221005111756.0 | ||
| 006 | a|||||r|||| 00| 0 | ||
| 007 | ta | ||
| 008 | 221004b |||||||| |||| 00| 0 hin d | ||
| 024 | _a32605 | ||
| 037 | _cTextual | ||
| 040 |
_aCRL _cCRL _bhin |
||
| 041 |
_2hin _ahin |
||
| 082 | _aO152,1N133x, L9 | ||
| 100 | _aमिश्र, भवानीप्रसाद | ||
| 245 | 0 | _aकालजयी खण्डकाव्य | |
| 246 | _aKālajayī khaṇḍakāvya | ||
| 260 |
_aमेरठ _bभारतीय साहित्य प्रकाशन भारत _c1978 |
||
| 300 |
_a104पृ. _ccm. |
||
| 650 | _aहिन्दी कविता | ||
| 942 |
_hO152,1N133x, L9 _cTEXL _2cc |
||
| 999 |
_c1022860 _d1022860 |
||